Joint disorders and ayurveda / (Record no. 164935)

MARC details
000 -LEADER
fixed length control field 00610nam a22001697a 4500
005 - DATE AND TIME OF LATEST TRANSACTION
control field 20190530130206.0
010 ## - LCCN (DPL NO)
LC control number ENG-125407
020 ## - INTERNATIONAL STANDARD BOOK NUMBER
Terms of availability 400.00
035 ## - SYSTEM CONTROL NUMBER
System control number EN-108939
037 ## - SOURCE OF ACQUISITION
Source of stock number/acquisition DBAD/PUB
082 ## - DEWEY DECIMAL CLASSIFICATION NUMBER
Classification number 615.538
245 ## - TITLE STATEMENT
Title Joint disorders and ayurveda /
Statement of responsibility, etc ed. by P.H.Kulkarne, Chandrakant Pawar [and ] Geeta Jagdeesh Puranik
260 ## - PUBLICATION, DISTRIBUTION, ETC. (IMPRINT)
Place of publication, distribution, etc Pund
Name of publisher, distributor, etc Deerghayu International
Date of publication, distribution, etc 2016
270 ## - ADDRESS
Address 36, Kothrud Gaothan, opp. Mhatoba Temple, Navgrah Maruti
City Bodhi Vruksha , Pune
Postal code 411038
Electronic mail address deergjauiomternational@gmail.com
300 ## - PHYSICAL DESCRIPTION
Extent 117p.
Dimensions 21cm(pbk)
942 ## - ADDED ENTRY ELEMENTS (KOHA)
Source of classification or shelving scheme Dewey Decimal Classification
Item type English Books
Classification part 615.538
Call number prefix JOI
Holdings
Withdrawn status Lost status Not for loan Collection code Home library Current library Date acquired Source of acquisition Cost, normal purchase price Full call number Barcode Copy number Cost, replacement price Koha item type
    Not For Loan Non-fiction D.B.Act.Division Central Library 30/05/2019 DBAD/PUB 400.00 615.538 EN-108939 1 400.00 English Books

© Delhi Public Library
Hit Counter
free hit counter